Visual merchandising o el amor a primera vista

Detalles Bibliográficos
Autor principal: Gianella, Ana
Formato: eBook
Lenguaje:español
Publicado: Bogot:̀ Ediciones de la U, 2013
Materias:
Acceso en línea:Acceso restringido

MARC

LEADER 00000nam a22000007a 4500
005 20220920222138.0
007 cr|||| ||||
008 220920s2013 co |||||s|||| 00||0 spa d
020 |a 978-958-762-145-7 
035 |a 37229 
040 |a vLex 
090 |c 13985  |d 13985 
100 1 |a Gianella, Ana 
245 1 0 |a Visual merchandising o el amor a primera vista  |h [Recurso electrn̤ico] /  |c Ana Gianella 
256 |a Servicio en ln̕ea 
260 |a Bogot:̀  |b Ediciones de la U,  |c 2013 
300 |a 1 recurso electrn̤ico 
506 1 |a Disponible solo en los productos indicados  |d vLex Global  |d vLex Global (Academic Edition, excluding Law Schools)  |d vLex Global (U.S. Academic Edition, Law Schools)  |d vLex Global (U.S. Academic Edition, excluding Law Schools)  |d vLex Global (Academic Edition, Law Schools) 
650 0 4 |a Economa̕ y negocios  |z Colombia 
740 0 |a vLex Libros (Servicio en ln̕ea) 
856 4 0 |u https://app.vlex.com/#/sources/37229  |z Acceso restringido 
942 |c BOOK 
999 0 |a Economy and business